U.S. Baby Girls Names by Letter - Statistics

General Stats
  • This quiz has been taken 87,594 times
    12,181 since last reset
  • The average score is 16 of 26
Answer Stats
Names % Correct
E Emma | Evelyn | Eliana | Eleanor | Elizabeth | Ellie | Ella | Emily | Elena | Emilia
88%
A Amelia | Ava | Ailany | Aurora | Aria | Avery | Abigail | Adeline | Alice | Ayla
81%
C Charlotte | Camila | Chloe | Clara | Claire | Caroline | Cecilia | Catalina | Cora | Charlie
78%
J Josephine | Josie | Jade | Juniper | Juliette | Julia | June | Jasmine | Jane | Juliana
74%
S Sophia | Sofia | Scarlett | Sadie | Stella | Sophie | Sarah | Sienna | Scottie | Serenity
74%
O Olivia | Oaklynn | Oakley | Olive | Ophelia | Octavia | Opal | Oaklee | Oaklyn | Oakleigh
73%
G Gianna | Grace | Genesis | Georgia | Gabriella | Genevieve | Gemma | Gracie | Gia | Gabriela
72%
I Isabella | Isla | Ivy | Iris | Isabelle | Isabel | Itzel | Ivory | Iyla | Izabella
72%
F Freya | Faith | Francesca | Frances | Fatima | Florence | Finley | Fiona | Felicity | Faye
71%
V Violet | Valentina | Victoria | Vivian | Valerie | Valeria | Vivienne | Vera | Viviana | Vanessa
71%
H Harper | Hazel | Hannah | Hailey | Hallie | Hadley | Haven | Harmony | Harlow | Hattie
70%
M Mia | Madison | Mila | Maya | Madelyn | Millie | Maeve | Melody | Madeline | Maria
69%
L Lily | Lucy | Luna | Lainey | Layla | Lillian | Leah | Leilani | Liliana | Lyla
67%
D Delilah | Daisy | Daphne | Dahlia | Delaney | Diana | Dakota | Daniela | Demi | Danna
63%
B Brooklyn | Bella | Brielle | Blair | Blakely | Bailey | Brianna | Brynlee | Blake | Brooke
62%
Z Zoe | Zoey | Zara | Zuri | Zariah | Zahra | Zariyah | Zainab | Zelda | Zaniyah
61%
N Nora | Nova | Naomi | Natalie | Natalia | Nevaeh | Noelle | Noa | Nyla | Norah
60%
R Riley | Ruby | Rose | Raelynn | Rylee | Remi | Rosalie | Ruth | Reese | River
59%
K Kennedy | Kinsley | Kehlani | Kaylani | Katherine | Kaia | Kylie | Kiara | Kailani | Kaylee
57%
P Penelope | Paisley | Parker | Piper | Phoebe | Peyton | Presley | Palmer | Poppy | Paige
56%
Q Quinn | Quincy | Queen | Qamar | Quetzalli | Quinley | Quetzali | Quincey | Quinnley | Quetzaly
55%
T Tatum | Talia | Tessa | Teagan | Thea | Taylor | Trinity | Tiana | Thalia | Theodora
48%
U Unique | Ulani | Uma | Una | Unknown | Unity | Uriah | Ursula | Urvi | Umaiza
44%
W Willow | Wrenley | Wren | Wrenlee | Willa | Winter | Wynter | Winnie | Winona | Whitley
41%
Y Yara | Yaretzi | Yareli | Yuna | Yasmin | Yusra | Yamileth | Yasmine | Yaneli | Yashna
30%
X Ximena | Xiomara | Xyla | Xochitl | Xolani | Xamira | Xitlali | Xena | Xalori | Xareni
28%
No matching quizzes found
Score Distribution
Percent of People with Each Score
Percentile by Number Answered
Your Score History
You have not taken this quiz since the last reset